Area handbook for Pakistan (Record no. 487107)

000 -LEADER
fixed length control field 00348cam a22001097a 4500
008 - FIXED-LENGTH DATA ELEMENTS--GENERAL INFORMATION
fixed length control field 180718b-- xxu||||| |||| 00| 0 eng d
082 ## - DEWEY DECIMAL CLASSIFICATION NUMBER
Classification number A6x547 Un3
100 ## - MAIN ENTRY--PERSONAL NAME
Personal name Nyrop, Richard F.
245 ## - TITLE STATEMENT
Title Area handbook for Pakistan
Statement of responsibility, etc. by Richard F. Nyrop and others
260 ## - PUBLICATION, DISTRIBUTION, ETC.
Place of publication, distribution, etc. Washington, D.C.
Name of publisher, distributor, etc. Superintendent of Documents
Date of publication, distribution, etc. --
500 ## - GENERAL NOTE
General note Librart has 1965, 1970
Holdings
Withdrawn status Lost status Damaged status Not for loan Permanent Location Current Location Date acquired Full call number Barcode Date last seen Price effective from Koha item type
        Indian Institute of Public Administration Indian Institute of Public Administration 2018-08-04 A6x547 Un3 G11387 2018-08-04 2018-08-04 G
        Indian Institute of Public Administration Indian Institute of Public Administration 2018-08-04 A6x547 Un3 GG8199 2018-08-04 2018-08-04 GG

Powered by Koha